[Event "Berlin Werner Ott op"]
[Site "Berlin"]
[Date "2018.07.02"]
[Round "3"]
[White "Sommaro, Katja"]
[Black "Thaer, Abdulkadhim Ismaeel"]
[Result "1-0"]
[WhiteElo "2087"]
[BlackElo "1952"]
[PlyCount "55"]
[EventDate "2018.06.30"]
[EventType "swiss"]
[EventRounds "9"]
[EventCountry "GER"]
[SourceTitle "CBM 185 Extra"]
[Source "ChessBase"]
[SourceDate "2018.07.29"]
[SourceVersion "1"]
[SourceVersionDate "2018.07.29"]
[SourceQuality "1"]

1. c4 Nf6 2. Nc3 g6 3. g3 Bg7 4. Bg2 0-0 5. Nf3 d6 6. 0-0 c5 7. d3 Nc6 8. a3 Bg4 9. h3 Bd7 10. Rb1 a5 11. Kh2 e5 12. Ng5 Rb8 13. Nge4 Be6 14. Bg5 Re8 15. Nd5 Bxd5 16. cxd5 Na7 17. f4 h6 18. fxe5 hxg5 19. Nxf6+ Bxf6 20. exf6 Re5 21. Qd2 g4 22. hxg4 Nb5 23. Rf2 b6 24. Rh1 Qf8 25. Kg1 Rbe8 26. Be4 Rxe4 27. Rfh2 Qg7 28. fxg7 1-0

[Event "IRQ-ch op 2nd"]
[Site "Baghdad"]
[Date "2013.03.06"]
[Round "1"]
[White "Shalamberidze, Akaki"]
[Black "Thaer, Abdulkadhim Ismaeel"]
[Result "0-1"]
[WhiteElo "2366"]
[BlackElo "2057"]
[PlyCount "79"]
[EventDate "2013.03.06"]
[EventType "swiss"]
[EventRounds "9"]
[EventCountry "IRQ"]
[SourceTitle "CBM 153 Extra"]
[Source "ChessBase"]
[SourceDate "2013.04.22"]
[SourceVersion "1"]
[SourceVersionDate "2013.04.22"]
[SourceQuality "1"]

1. Nf3 c5 2. c4 Nf6 3. Nc3 Nc6 4. g3 d6 5. Bg2 g6 6. a3 Bg7 7. Rb1 Bf5 8. d3 0-0 9. b4 Qd7 10. 0-0 Rad8 11. Qa4 b6 12. Re1 Nd4 13. bxc5 Nxf3+ 14. Bxf3 dxc5 15. Qxd7 Bxd7 16. Nb5 Bxb5 17. Rxb5 Ne8 18. Rb3 Nd6 19. a4 Rb8 20. Ba3 Rfc8 21. Reb1 Nb7 22. Bxb7 Rxb7 23. a5 Rc6 24. Rb5 Rbc7 25. axb6 axb6 26. Rxb6 Rxb6 27. Rxb6 Be5 28. g4 h6 29. Kg2 f6 30. h4 Kf7 31. Rb5 Bd6 32. f4 Ke6 33. Kf3 Rc8 34. e4 h5 35. f5+ Kf7 36. fxg6+ Kxg6 37. gxh5+ Kxh5 38. d4 Kxh4 39. Bxc5 Rc6 40. Rb6 0-1